Euroopan maantiedettä kirjaimittain - B #2 - Statistics

Yleistilastot
  • Tätä visaa on pelattu 1 444 kertaa
  • Keskiarvotulos 9 / 20
Vastaustilastot
Vihje Vastaus % Oikein
Vuoteen 1989 asti muurin jakama kaupunki Berliini
99%
Kreikan ja Turkin yhteinen naapurimaa Bulgaria
73%
Tonavan varrella sijaitsevat pääkaupungit Budapest
72%
Kuninkaallinen palatsi Lontoossa Buckingham
67%
Tonavan varrella sijaitsevat pääkaupungit Bratislava
60%
Yhdistyneen kuningaskunnan toiseksi suurin kaupunki Birmingham
59%
Pohjois-Irlannin suurin kaupunki Belfast
53%
Tonavan varrella sijaitsevat pääkaupungit Belgrad
50%
Balettiesityksistä tunnettu teatteri- ja oopperatalo Moskovassa {Bolšoi}-teatteri
46%
Koillis-Espanjassa elävä kansa Baskit
44%
Italian pohjoisosissa sijaitseva kaupunki, jossa on maailman vanhin yliopisto Bologna
44%
Pohjois-Ranskassa sijaitseva historiallinen alue, jonka mukaan on nimetty eräs pehmeä juustolaatu Brie
42%
Mallorcan, Minorcan ja Ibizan saaristo Baleaarit
38%
Ranskan itäosissa sijaitseva alue ja entinen valtio, jonka mukaan eräs punaisen sävy on nimetty Burgundi
31%
Sveitsiläinen kaupunki, joka sijaitsee Saksan ja Ranskan rajalla Basel
30%
Toinen kirjaimella B alkava oman osavaltionsa muodostava kaupunki Saksassa Bremen
29%
Nimeä toinen Italian "kengänkorossa" eli Apulian alueella sijaitsevista suurimmista kirjaimella B alkavista kaupungeista Bari / Brindisi
26%
Belgialainen kanavakaupunki, joka oli merkittävä kaupankäynnin keskus keskiajalla Brugge
25%
Saksan, Sveitsin ja Itävallan välissä sijaitseva järvi {Boden}järvi
13%
Historiallinen alue ja valtio Alankomaiden eteläosissa ja Belgian pohjoisosissa Brabant
5%
Ehtoja vastaavia visoja ei löytynyt
Tulosjakauma
Jokaisen tuloksen saaneiden osuus
Persentiili vastausten määrän mukaan
Tuloshistoriasi
Et ole pelannut tätä visaa